[Event "Elista ol (Men)"]
[Site "Elista"]
[Date "1998.10.01"]
[Round "3"]
[White "Aleksandrov, Aleksej"]
[Black "Filippov, Valerij"]
[Result "1/2-1/2"]
[WhiteElo "2595"]
[BlackElo "2595"]

1.d4 d5 2.c4 e6 3.Nc3 c6 4.e3 Nf6 5.Nf3 Nbd7 6.Bd3 dxc4 7.Bxc4 b5 8.Be2 a6
9.e4 b4 10.e5 bxc3 11.exf6 Nxf6 12.bxc3 Bd6 13.O-O O-O 14.Bg5 Qc7 15.Bd3 c5
16.Re1 Bb7 17.Ne5 Nd5 18.c4 cxd4 19.cxd5 Bxe5 20.Qe2 Bxh2+ 21.Kh1 Bxd5 22.Rac1 Qd6
23.Qh5 h6 24.Bxh6 f5 25.Qg6 Be5 26.f4 Qd8 27.Bg5 Bf6 28.Rc5 Rc8 29.Rxc8 Qxc8
30.Bxf5 exf5 31.Bxf6 Qc7 32.Bxd4 Qf7 33.Qg5 Be4 34.Rc1 Rb8 35.Kh2 Re8 36.Be5 Qe7
37.Qg3 Qf7 38.Rc7 Qh5+ 39.Qh3 g6 40.Qxh5 gxh5 41.Rg7+ Kf8 42.Rh7 Re6 43.Rxh5 Rg6
44.Rh8+  1/2-1/2

[Event "Elista ol (Men)"]
[Site "Elista"]
[Date "1998.10.01"]
[Round "3"]
[White "Nogueiras, Jesus"]
[Black "Egger, Jorge"]
[Result "1/2-1/2"]
[WhiteElo "2510"]
[BlackElo "2415"]

1.Nf3 Nf6 2.c4 c6 3.Nc3 d5 4.d4 e6 5.e3 Nbd7 6.Bd2 Bd6 7.Bd3 O-O 8.O-O e5
9.cxd5 cxd5 10.Nb5 Bb8 11.dxe5 Nxe5 12.Nxe5 Bxe5 13.Bc3 Bxc3 14.Nxc3 Bg4
15.Qa4 Bh5 16.Rac1 Qb6 17.Nb5 Bg6 18.Be2 a6 19.Qd4 Qxd4 20.Nxd4 Rfc8 21.g4 h6
22.f3 Kf8 23.h4 Ke7 24.Rfd1 Kd6 25.Bf1 Nd7 26.Kf2 Ne5 27.g5 hxg5 28.hxg5 Rxc1
29.Rxc1 Rh8 30.Kg3 Nc6 31.Nxc6 bxc6 32.Bxa6 Ra8 33.Bb7 Rb8 34.Rxc6+ Kd7 35.Rb6 Kc7
36.Rxg6 fxg6 37.Bxd5 Rxb2 38.f4 Kd6 39.Bf7 Ke7 40.Bxg6 Rxa2 41.e4 Ra1 42.Kg4 Rg1+
43.Kf5 Rh1 44.Ke5 Rh2 45.Kf5 Rh1 46.e5 Rh2 47.Ke4 Re2+ 48.Kf3 Re1 49.Bd3 Rd1
50.Be2 Rg1 51.Bd3 Rd1 52.Ke3 Rg1 53.Bg6 Rg2 54.Kf3 Rg1 55.Ke3 Rg2 56.Bd3 Rg1
57.Ke4 Rg2 58.Kf5 Rd2 59.Ke4 Rg2 60.Kf3 Rg1 61.Be2 Ke6 62.Ke4 Ke7 63.Bc4 Rc1  1/2-1/2

[Event "Elista ol (Men)"]
[Site "Elista"]
[Date "1998.10.01"]
[Round "3"]
[White "Irzhanov, Ruslan"]
[Black "Dorfman, Josif D"]
[Result "1/2-1/2"]
[WhiteElo "2535"]
[BlackElo "2585"]

1.d4 d5 2.c4 e6 3.Nc3 c6 4.e3 Nf6 5.Nf3 Nbd7 6.Bd3 dxc4 7.Bxc4 b5 8.Bb3 Bb7
9.Qe2 b4 10.Na4 Qa5 11.Nd2 c5 12.O-O Qa6 13.Qxa6 Bxa6 14.Re1 Rc8  1/2-1/2

[Event "Elista ol (Men)"]
[Site "Elista"]
[Date "1998.10.01"]
[Round "3"]
[White "Horvath, Jozsef"]
[Black "Nguyen Anh Dung"]
[Result "1-0"]
[WhiteElo "2530"]
[BlackElo "2495"]

1.d4 d5 2.c4 e6 3.Nc3 c6 4.e3 Nf6 5.Nf3 Nbd7 6.Qc2 Bd6 7.Be2 O-O 8.O-O dxc4
9.Bxc4 e5 10.h3 Qe7 11.a3 h6 12.Ba2 Re8 13.dxe5 Nxe5 14.Nd4 Kh8 15.Bd2 Ng6
16.Rae1 c5 17.Ndb5 Be6 18.Bxe6 Qxe6 19.f4 Bb8 20.e4 Qc6 21.e5 Nh5 22.a4 a6
23.Na3 c4 24.Qe4 Qb6+ 25.Kh2 Rxe5 26.Nxc4 Rxe4 27.Nxb6 Rxf4 28.Bxf4 Ngxf4
29.Re8+ Kh7 30.Nxa8  1-0

[Event "Elista ol (Men)"]
[Site "Elista"]
[Date "1998.10.02"]
[Round "4"]
[White "Campos, Eugenio"]
[Black "Kelly, Bryan"]
[Result "0-1"]
[WhiteElo "2255"]
[BlackElo "2405"]

1.d4 d5 2.c4 e6 3.Nc3 c6 4.e3 Nf6 5.Nf3 Nbd7 6.Qc2 Bd6 7.Bd3 O-O 8.O-O dxc4
9.Bxc4 Qe7 10.e4 e5 11.d5 Nb6 12.Bb3 cxd5 13.exd5 Bg4 14.Ng5 Rac8 15.a4 h6
16.a5 Nbd7 17.Nge4 Nxe4 18.Qxe4 f5 19.Qe1 a6 20.f3 Bh5 21.Be3 Kh8 22.Bc2 Bg6
23.Ra4 Bh7 24.Bb1 Nf6 25.Qh4 Qd7 26.Ra1 Be7 27.Qa4 Qd6 28.Rd1 e4 29.Qd4 Rce8
30.fxe4 Ng4 31.e5 Nxe5 32.Ba2 f4 33.Bf2 Ng4 34.Bb1 Bxb1 35.Raxb1 Nxf2 36.Qxf2 Qb4
37.d6 Bxd6 38.Rd4 Qc5 39.Ne4 Qf5 40.Rxd6 Rxe4 41.Ra1 Qe5 42.Rd2 Re3 43.Rf1 Kh7
44.b4 f3 45.g3 Rf6 46.Rd7 Qe4 47.Kh1 Rf5 48.Kg1 Re2  0-1

[Event "Elista ol (Men)"]
[Site "Elista"]
[Date "1998.10.02"]
[Round "4"]
[White "Seirawan, Yasser"]
[Black "Zvjaginsev, Vadim"]
[Result "1/2-1/2"]
[WhiteElo "2630"]
[BlackElo "2650"]

1.d4 d5 2.c4 e6 3.Nc3 c6 4.e3 Nf6 5.Nf3 Nbd7 6.Qc2 Bd6 7.b3 O-O 8.Be2 b6
9.O-O Bb7 10.Rd1 Qe7 11.Bb2 Rfe8 12.Rac1 Rac8 13.Qb1 a6 14.g3 Bb4  1/2-1/2

[Event "Elista ol (Men)"]
[Site "Elista"]
[Date "1998.10.03"]
[Round "5"]
[White "Dautov, Rustem"]
[Black "Pinter, Jozsef"]
[Result "1/2-1/2"]
[WhiteElo "2625"]
[BlackElo "2595"]

1.d4 Nf6 2.Nf3 d5 3.c4 e6 4.Nc3 c6 5.e3 Nbd7 6.Qc2 Bd6 7.Bd3 O-O 8.O-O dxc4
9.Bxc4 Qe7 10.Bd2 a6 11.a4 c5 12.dxc5  1/2-1/2

[Event "Elista ol (Men)"]
[Site "Elista"]
[Date "1998.10.03"]
[Round "5"]
[White "De Villiers, Charles"]
[Black "Borgo, Giulio"]
[Result "0-1"]
[WhiteElo "2350"]
[BlackElo "2445"]

1.d4 d5 2.c4 e6 3.Nc3 c6 4.e3 Nf6 5.Nf3 Nbd7 6.Qc2 Bd6 7.b3 O-O 8.Bd3 Re8
9.O-O dxc4 10.bxc4 e5 11.Rb1 Qe7 12.Ng5 h6 13.Nge4 Nxe4 14.Nxe4 Bc7 15.d5 Nf6
16.Nxf6+ Qxf6 17.Be4 Rb8 18.Ba3 cxd5 19.cxd5 Bb6 20.Bc5 Bxc5 21.Qxc5 b6 22.Qa3 a6
23.d6 Rd8 24.Rfd1 Bf5 25.Bxf5 Qxf5 26.Rbc1 Qe6 27.Rc7 a5 28.h3 Rd7 29.Rc6 g6
30.e4 Qf6 31.g3 h5 32.h4 Qd8 33.Rd5 b5  0-1

[Event "Elista ol (Men)"]
[Site "Elista"]
[Date "1998.10.04"]
[Round "6"]
[White "Rama, Lorenc"]
[Black "Arias, Luis"]
[Result "1/2-1/2"]
[WhiteElo "2295"]
[BlackElo "2265"]

1.c4 Nf6 2.Nc3 e6 3.Nf3 d5 4.d4 c6 5.e3 Nbd7 6.Qc2 Bd6 7.b3 O-O 8.Be2 a6
9.a4 a5 10.O-O b6 11.e4 dxe4 12.Nxe4 Be7 13.Bf4 Nxe4 14.Qxe4 Bb7 15.Rad1 Ra7
16.Qc2 Nf6 17.Ne5 Qc8 18.Bf3 Rd8 19.Be3 c5 20.Bxb7 Rxb7 21.h3 Qc7 22.Nf3 Rbb8
23.Rd3 Ne4 24.Rfd1 cxd4 25.Nxd4 Nc5 26.Nb5 Qe5 27.Rd4 g5 28.Rxd8+ Rxd8 29.Rxd8+ Bxd8
30.Bd4 Qe1+ 31.Kh2 Ne4 32.Qd3 Nd2 33.Bc3 Nf1+ 34.Kg1  1/2-1/2

[Event "Elista ol (Men)"]
[Site "Elista"]
[Date "1998.10.05"]
[Round "7"]
[White "Urday, Henry"]
[Black "Solomon, Stephen J"]
[Result "0-1"]
[WhiteElo "2475"]
[BlackElo "2435"]

1.d4 d5 2.c4 e6 3.Nc3 c6 4.Nf3 Nf6 5.e3 Nbd7 6.Qc2 Bd6 7.Be2 O-O 8.O-O Re8
9.a3 h6 10.Rd1 Qe7 11.h3 dxc4 12.Bxc4 e5 13.e4 exd4 14.Nxd4 Nc5 15.f3 a5
16.Be3 Nh5 17.b4 Na6 18.b5 cxb5 19.Ndxb5 Bc5 20.Qf2 Nf4 21.Bxc5 Nxc5 22.Nd6 Ncd3
23.Bxd3 Qxd6 24.Bb5 Qg6 25.Kh2 Re5 26.Rd8+ Kh7 27.Rad1 Bxh3 28.gxh3 Nxh3
29.Qg3 Rg5 30.Qxh3 Rxd8 31.Rxd8 Rh5 32.Rd3 Rxh3+ 33.Kxh3 Qg1 34.Nd5 Qh1+
35.Kg3 Qg1+ 36.Kh3 a4 37.Re3 Qh1+ 38.Kg3 Qg1+ 39.Kh3 h5 40.f4 f5 41.Bd7 g6
42.Be6 Qh1+ 43.Kg3 h4+ 44.Kf2 Qh2+ 45.Kf3 h3 46.Re2 fxe4+ 47.Ke3 Qxe2+  0-1

[Event "Elista ol (Men)"]
[Site "Elista"]
[Date "1998.10.05"]
[Round "7"]
[White "Kolev, Atanas"]
[Black "Zvjaginsev, Vadim"]
[Result "1/2-1/2"]
[WhiteElo "2550"]
[BlackElo "2650"]

1.d4 d5 2.c4 e6 3.Nc3 c6 4.e3 Nf6 5.Nf3 Nbd7 6.Qc2 Bd6 7.Be2 O-O 8.O-O b6
9.e4 Nxe4 10.Nxe4 dxe4 11.Qxe4 Bb7 12.Bf4 Nf6 13.Qe3 Bxf4 14.Qxf4 Qe7 15.Rad1 Rad8
16.Qe3 Ng4 17.Qf4 Nf6 18.Qe3 Ng4 19.Qf4 Nf6  1/2-1/2

[Event "Budapest FS10 GM"]
[Site "Budapest"]
[Date "1998.10.06"]
[Round "4"]
[White "Barbero, Gerardo F"]
[Black "Varga, Peter"]
[Result "1-0"]
[WhiteElo "2415"]
[BlackElo "2445"]

1.d4 d5 2.c4 c6 3.Nc3 Nf6 4.e3 e6 5.Nf3 Nbd7 6.Qc2 Bd6 7.Bd3 O-O 8.O-O dxc4
9.Bxc4 a6 10.Rd1 Qe7 11.a3 c5 12.dxc5 Bxc5 13.b4 Bd6 14.Bb2 Ne5 15.Ng5 h6
16.Nce4 hxg5 17.Nxd6 Nxc4 18.Nxc4 b5 19.Na5 Bb7 20.Qc5 Qxc5 21.bxc5 Bd5 22.f3 Rac8
23.Rac1 Ne8 24.e4 Bc6 25.Rd2 f6 26.Bc3 g4 27.Rcd1 Rf7 28.Nxc6 Rxc6 29.Rd8 Re7
30.fxg4 Kf7 31.Ba5 e5 32.Bb6 g6 33.Ra8 Ng7 34.Rxa6 Ne6 35.Rd6 Rxd6 36.cxd6 Rb7
37.Kf2 Ng5 38.Ke3 Ke6 39.Ba5 Kd7 40.Bb4 Ne6 41.Ra8 Nd4 42.Kd3 Nc6 43.Bc5 b4
44.axb4 Nxb4+ 45.Kc4 Nc6 46.Rg8 Ke6 47.Rxg6 Na5+ 48.Kc3 Rb3+ 49.Kc2 Rb5 50.Bf2 Nc4
51.Bh4 Nxd6 52.Rxf6+ Kd7 53.g5 Nxe4 54.Rf7+ Ke6 55.g6 Rb8 56.Re7+ Kf5 57.g7 Rg8
58.h3 Nc5 59.g4+ Kg6 60.Rxe5 Nd7 61.Rd5 Rxg7 62.Rg5+ Kh6 63.Rxg7 Kxg7 64.Kd3 Kg6
65.Ke4 Nc5+ 66.Kf3 Nd3 67.Bg3 Nc5 68.h4 Nd7 69.Bc7 Nf6 70.Bd8 Nd5 71.h5+ Kh6
72.Ke4 Nc3+ 73.Kf5 Ne2 74.Bg5+ Kg7 75.Bf4 Nd4+ 76.Ke4 Ne6 77.g5 Kf7 78.Kf5 Ng7+
79.Kg4 Ne6 80.Be5 Nf8 81.Kf5 Kg8 82.g6  1-0

[Event "Elista ol (Men)"]
[Site "Elista"]
[Date "1998.10.06"]
[Round "8"]
[White "Garcia, Javier"]
[Black "Nguyen Anh Dung"]
[Result "1-0"]
[WhiteElo "2315"]
[BlackElo "2495"]

1.d4 d5 2.c4 e6 3.Nc3 c6 4.e3 Nf6 5.Nf3 Nbd7 6.Qc2 Bd6 7.Be2 O-O 8.O-O dxc4
9.Bxc4 e5 10.h3 Qe7 11.a3 a6 12.Ba2 Bc7 13.Rd1 h6 14.Nh4 Rd8 15.Nf5 Qf8 16.d5 cxd5
17.Nxd5 Nxd5 18.Rxd5 Nf6 19.Rxd8 Qxd8 20.Ng3 Bd7 21.Bd2 Bc6 22.Bb4 Rc8 23.Rd1 Qe8
24.Nf5 Be4 25.Ne7+ Kh7 26.Qc4 Rd8 27.Rxd8 Qxd8 28.Qxf7 Qd1+ 29.Kh2 Bd8 30.f3 Bb1
31.Be6 Bxe7 32.Bxe7 Bg6 33.Qf8  1-0

[Event "Elista ol (Men)"]
[Site "Elista"]
[Date "1998.10.06"]
[Round "8"]
[White "Nakamura, Ryuuji"]
[Black "Mukabi, John"]
[Result "1-0"]
[WhiteElo "2110"]
[BlackElo "2140"]

1.d4 d5 2.c4 c6 3.Nc3 Nf6 4.e3 e6 5.Nf3 Be7 6.Bd3 Nbd7 7.O-O O-O 8.e4 dxe4
9.Nxe4 Nxe4 10.Bxe4 Nf6 11.Bc2 b6 12.Qd3 Bb7 13.Bg5 g6 14.Rfe1 Qd6 15.Rad1 Rfd8
16.Bb3 Rac8 17.Ne5 Rf8 18.Qf3 Qd8 19.Bh6 Re8 20.c5 Qc7 21.Nxf7 Nd5 22.Bxd5 exd5
23.Bf4 Qd7 24.Nh6+ Kg7 25.Ng4 g5 26.Be5+ Kg6 27.Nf6 Bxf6 28.Qxf6+ Kh5 29.h3  1-0

[Event "Elista ol (Men)"]
[Site "Elista"]
[Date "1998.10.06"]
[Round "8"]
[White "Mohamed, Esam Ahmed Nagib"]
[Black "Pelletier, Yannick"]
[Result "1/2-1/2"]
[WhiteElo "2455"]
[BlackElo "2525"]

1.d4 d5 2.c4 c6 3.e3 Nf6 4.Nc3 e6 5.Nf3 Nbd7 6.Qc2 Bd6 7.e4 Nxe4 8.Nxe4 dxe4
9.Qxe4 c5 10.Be2 O-O 11.O-O h6 12.Bd3 Nf6 13.Qh4 Re8 14.dxc5 Bxh2+ 15.Nxh2 Qxd3
16.Bxh6 Qh7 17.Bg5 Qxh4 18.Bxh4 Ne4 19.b4 g5 20.f3 Nd2 21.Rfd1 Nxf3+ 22.Nxf3 gxh4
23.Nxh4 e5 24.Kf2 a5 25.a3 Be6 26.g4 Kg7 27.Nf5+ Bxf5 28.gxf5 Kf6 29.Ke3 axb4
30.Rd6+ Kxf5 31.Rf1+ Kg5 32.Rg1+ Kf5 33.Rf1+ Kg5 34.Ke4 Rxa3 35.Rf5+ Kg4
36.Rxf7 Rc3 37.Rg7+ Kh5 38.Rh7+ Kg5 39.Rg7+ Kh5 40.Rxb7 Rxc4+ 41.Kd5 Rd4+
42.Kc6 Rc8+ 43.Kb5 Rxd6 44.cxd6 Kg4 45.d7 Rd8 46.Kc6 e4 47.Rxb4 Kf3 48.Kc7 Rxd7+
49.Kxd7 e3 50.Kd6 e2 51.Rb1 Kf2 52.Ke5 e1=R+ 53.Rxe1  1/2-1/2

[Event "Elista ol (Men)"]
[Site "Elista"]
[Date "1998.10.06"]
[Round "8"]
[White "Adu, Oladapo"]
[Black "Thomsen, Torbjorn"]
[Result "0-1"]
[WhiteElo "2230"]
[BlackElo "2165"]

1.Nf3 Nf6 2.d4 d5 3.c4 e6 4.Nc3 c6 5.e3 Nbd7 6.Qc2 Be7 7.Bd3 O-O 8.O-O h6
9.b3 b6 10.Bb2 Bb7 11.Rac1 c5 12.cxd5 Nxd5 13.Nxd5 Bxd5 14.Qe2 Rc8 15.Rfd1 cxd4
16.Nxd4 Rxc1 17.Rxc1 Nc5 18.Bb1 f5 19.Rd1 Qa8 20.f3 Bf6 21.Nb5 Bxb2 22.Qxb2 Qb8
23.b4 Nb7 24.Nd4 Qe5 25.Qe2 Nd6 26.Qd3 Nc4 27.Re1 Rc8 28.f4 Qd6 29.Nxf5 exf5
30.Qxf5 Be6 31.Qg6 Bf7 32.Qh7+ Kf8 33.Bd3 b5 34.Bf1 Re8 35.Qf5 a6 36.g4 Nxe3
37.Qc5 Qxc5 38.bxc5 Nxf1 39.Rxf1 Rc8 40.g5 Rxc5  0-1

[Event "Elista ol (Men)"]
[Site "Elista"]
[Date "1998.10.06"]
[Round "8"]
[White "Urday, Henry"]
[Black "Dao Thien Hai"]
[Result "0-1"]
[WhiteElo "2475"]
[BlackElo "2580"]

1.d4 d5 2.c4 e6 3.Nc3 c6 4.e3 Nf6 5.Nf3 Nbd7 6.Qc2 Bd6 7.Be2 O-O 8.O-O dxc4
9.Bxc4 b5 10.Be2 Bb7 11.e4 e5 12.dxe5 Nxe5 13.Bg5 Nxf3+ 14.Bxf3 Qe7 15.Bh4 Rfe8
16.Rfe1 Be5 17.Bg3 a6 18.a4 Rad8 19.axb5 cxb5 20.Nd5 Nxd5 21.exd5 Qd6 22.Rxe5 Rxe5
23.Qc3 f6 24.Bxe5 Qxe5 25.Qxe5 fxe5 26.Re1 Re8 27.g3 Kf7 28.Bg2 b4 29.h3 h6
30.Ra1 Rc8 31.Ra4 Rc4 32.d6 e4 33.Kh2 Ke6 34.Bf1 Rd4 35.Bxa6 Bc6 36.Ra1 Rd2
37.Kg1 Kxd6 38.b3 Bd5 39.Bf1 Rb2 40.Rd1 Ke6 41.Rd4 Rxb3 42.Bc4 Bxc4 43.Rxc4 Kd5
44.Rc7 g5 45.h4 Rc3 46.Rb7 Kc4 47.hxg5 hxg5 48.Re7 Kd3 49.Rb7 b3  0-1

[Event "Elista ol (Men)"]
[Site "Elista"]
[Date "1998.10.07"]
[Round "9"]
[White "Volpinari, Danilo"]
[Black "Najjar, Ahmad"]
[Result "0-1"]
[WhiteElo "2115"]
[BlackElo "2255"]

1.d4 d5 2.c4 e6 3.Nc3 Nf6 4.Nf3 c6 5.e3 Be7 6.b3 Nbd7 7.Bd3 O-O 8.Bb2 Re8
9.O-O b6 10.Rc1 Bb7 11.Ne5 Nxe5 12.dxe5 Nd7 13.f4 Bc5 14.Rf3 f5 15.Rh3 d4
16.Na4 dxe3 17.Nxc5 Nxc5 18.Rxe3 Na6 19.Qh5 g6 20.Rg3 Qxd3 21.Rxg6+ Kh8 22.Qh6 Qd7
23.Rc3 Rg8 24.Rxe6 Qd1+ 25.Kf2 Qd2+ 26.Kf1 Qxg2+ 27.Ke1 Qg1+ 28.Kd2 Rg2+  0-1

[Event "Elista ol (Men)"]
[Site "Elista"]
[Date "1998.10.07"]
[Round "9"]
[White "Ljubojevic, Ljubomir"]
[Black "Kelly, Bryan"]
[Result "1/2-1/2"]
[WhiteElo "2550"]
[BlackElo "2405"]

1.c4 e6 2.d4 d5 3.Nf3 Nf6 4.Nc3 c6 5.e3 Nbd7 6.Qc2 Bd6 7.Be2 O-O 8.O-O Re8
9.Rd1 Qe7 10.h3 a6 11.a4 b6 12.a5 b5 13.e4 Nxe4 14.Nxe4 dxe4 15.Qxe4 Nf6
16.Qc2 bxc4 17.Ne5 c5 18.Bf3 Bb7 19.Bxb7 Qxb7 20.Nxc4 Bf8 21.Nb6 Rad8 22.Be3 cxd4
23.Bxd4 Qe4 24.Qc4 h6 25.b3 Rd6 26.Bxf6 Qxc4 27.bxc4 gxf6 28.Nd7 Rd8 29.Nxf6+ Kg7
30.Rxd6 Bxd6 31.Ne4 Be5 32.Re1 Rd4 33.Nc5 Bd6 34.Nxa6 Rxc4 35.Rb1 Ra4 36.Nb8  1/2-1/2

[Event "Elista ol (Men)"]
[Site "Elista"]
[Date "1998.10.07"]
[Round "9"]
[White "Borges Mateos, Juan"]
[Black "Ruzele, Darius"]
[Result "1/2-1/2"]
[WhiteElo "2470"]
[BlackElo "2475"]

1.c4 c6 2.d4 d5 3.Nf3 Nf6 4.Nc3 e6 5.e3 Nbd7 6.Qc2 Bd6 7.b3 O-O 8.Be2 b6
9.O-O Bb7 10.Bb2 Re8 11.Rfd1 Qe7 12.a3 a5 13.Bd3 h6 14.h3 Rac8 15.Qe2 c5
16.cxd5 Nxd5 17.Ne4 Bb8 18.Ba6 Bxa6 19.Qxa6 cxd4 20.Nxd4 N7f6 21.Nxf6+ Qxf6
22.Rac1 Rxc1 23.Rxc1 Be5 24.Qb5 Rf8 25.Rc2 Qg6 26.Qc4 Bf6 27.Nc6 Bxb2 28.Rxb2 Qf6
29.Rb1 Kh8 30.Nd4 Qe7 31.b4 axb4 32.axb4 Ra8 33.b5 Qf6 34.Rc1 g6 35.g3 Qe5
36.Nf3 Qb2 37.Qd4+ Qxd4 38.Nxd4 Ra4 39.Nc6 Kg7 40.Kg2 Ra2 41.e4 Nf6 42.Rc4 Rb2
43.Nd8 Kf8 44.Kf3 Ke8 45.Nb7 Ke7 46.Rc7+ Nd7 47.Ke3 Rxb5 48.f4 Rb3+ 49.Kf2 f6
50.h4 g5 51.e5 fxe5 52.fxg5 hxg5 53.hxg5 e4 54.Rc4 Rf3+ 55.Kg2 Rf5 56.Rxe4 Rxg5
57.Rc4 Rd5 58.g4 Nf6 59.Rc6 Rd2+ 60.Kf3 Nd5 61.Nd6 Rd3+ 62.Kf2 Rd4 63.Nc4 b5
64.Ne5 Re4 65.Nd3 Rxg4 66.Nc5 Rg6 67.Ke2 Rh6 68.Kd2 Kf7 69.Kc1 Rh1+ 70.Kb2 Rh2+
71.Kb3 Rh3+ 72.Kb2 Re3 73.Nxe6 Re2+ 74.Kc1 Re1+ 75.Kb2 Rxe6 76.Rc5 Re2+ 77.Kb3 Re3+
78.Kb2 Ke6 79.Rxb5 Ke5 80.Ra5 Kd4 81.Ra8 Nb6 82.Rd8+ Kc4 83.Kc2 Re2+ 84.Rd2 Re8
85.Rh2 Nd5  1/2-1/2

[Event "Budapest FS10 IM-B"]
[Site "Budapest"]
[Date "1998.10.09"]
[Round "7"]
[White "Hammes, Michael"]
[Black "Fang, Joseph"]
[Result "0-1"]
[WhiteElo "2360"]
[BlackElo "2315"]

1.d4 d5 2.c4 c6 3.Nc3 Nf6 4.Nf3 e6 5.e3 Nbd7 6.Qc2 Bd6 7.b3 O-O 8.Be2 Re8
9.O-O e5 10.cxd5 cxd5 11.Nb5 Bb8 12.dxe5 Nxe5 13.Bb2 Nxf3+ 14.Bxf3 a6 15.Bxf6 Qxf6
16.Nc7 Bf5 17.e4 dxe4 18.Nxa8 exf3 19.Rfe1 Qxa1  0-1

[Event "Elista ol (Men)"]
[Site "Elista"]
[Date "1998.10.09"]
[Round "10"]
[White "Bagaturov, Giorgi"]
[Black "Hergott, Deen"]
[Result "1-0"]
[WhiteElo "2540"]
[BlackElo "2370"]

1.c4 c6 2.Nf3 d5 3.e3 Nf6 4.Nc3 e6 5.d4 Nbd7 6.Bd3 dxc4 7.Bxc4 b5 8.Bd3 b4
9.Ne4 Bb7 10.Nxf6+ gxf6 11.e4 c5 12.O-O cxd4 13.Nxd4 a6 14.Be3 Nc5 15.Bc2 Bd6
16.Qh5 Rg8 17.Rfd1 Qe7 18.Rac1 O-O-O 19.Ba4 Bxe4 20.f3 Bd5 21.Bc6 Be5 22.Bxd5 Rxd5
23.Nc6 Rxd1+ 24.Rxd1 Qc7 25.Nxe5 fxe5 26.Rc1  1-0

[Event "Elista ol (Men)"]
[Site "Elista"]
[Date "1998.10.10"]
[Round "11"]
[White "Aleksandrov, Aleksej"]
[Black "Efimov, Igor"]
[Result "1/2-1/2"]
[WhiteElo "2595"]
[BlackElo "2530"]

1.d4 d5 2.c4 c6 3.Nc3 Nf6 4.e3 e6 5.Nf3 Nbd7 6.Bd3 Be7 7.e4 dxe4 8.Nxe4 Nxe4
9.Bxe4 c5 10.O-O Nf6 11.Bc2 cxd4 12.Ba4+ Bd7 13.Bxd7+ Nxd7 14.Qxd4 O-O 15.Rd1 Nb6
16.Bf4 Qxd4 17.Rxd4 Rfd8 18.Rxd8+ Rxd8 19.b3 Bc5 20.Kf1 f6 21.Ke2 e5 22.Be3  1/2-1/2

[Event "Elista ol (Men)"]
[Site "Elista"]
[Date "1998.10.10"]
[Round "11"]
[White "Agrest, Evgenij"]
[Black "Sturua, Zurab"]
[Result "1-0"]
[WhiteElo "2545"]
[BlackElo "2600"]

1.c4 c6 2.d4 d5 3.Nc3 Nf6 4.Nf3 e6 5.e3 Nbd7 6.Qc2 Bd6 7.g4 Bb4 8.Bd2 b6
9.cxd5 cxd5 10.g5 Bxc3 11.Bxc3 Ne4 12.Bb4 Bb7 13.h4 f6 14.Bd3 Kf7 15.Rg1 a5
16.Ba3 Rc8 17.Qd1 f5 18.Rc1 Rxc1 19.Qxc1 Qc8 20.Qxc8 Rxc8 21.Ke2 Rc7 22.Nd2 Rc8
23.Nb3 Rc6 24.Rc1 h6 25.f3 Ng3+ 26.Kf2 Nh5 27.Bb5 Rxc1 28.Nxc1 Nb8 29.Nd3 hxg5
30.Ne5+ Kf6 31.Bd6 Na6 32.Be8 g6 33.Bxg6  1-0

[Event "Elista ol (Men)"]
[Site "Elista"]
[Date "1998.10.10"]
[Round "11"]
[White "Shariyazdanov, Andrey"]
[Black "Van den Doel, Erik"]
[Result "1/2-1/2"]
[WhiteElo "2530"]
[BlackElo "2480"]

1.d4 d5 2.c4 c6 3.Nc3 Nf6 4.e3 e6 5.Nf3 Nbd7 6.b3 Bd6 7.Bb2 O-O 8.Be2 b6
9.O-O Bb7 10.Qc2 Qe7 11.e4 Nxe4 12.Nxe4 dxe4 13.Qxe4 Nf6 14.Qe3 c5 15.Ne5 Rad8
16.Rfd1 cxd4 17.Bxd4 Nd7 18.h3 Nxe5 19.Bxe5 Bc5 20.Qg3 f6 21.Bc3 e5 22.Rxd8 Rxd8
23.Rd1 Rxd1+ 24.Bxd1 Qd6 25.Bf3 e4 26.Qxd6 Bxd6 27.Bd1 a5 28.Kf1 Kf7 29.Ke2 f5
30.Bd4 Bc5 31.Be3 Kf6 32.a3 g5 33.b4 axb4 34.axb4 Bxe3 35.fxe3 Ba6 36.Bb3 f4
37.Kf2 Ke5 38.g3 Bc8 39.gxf4+ gxf4 40.c5 bxc5 41.bxc5 Bxh3 42.c6 h5 43.c7 h4
44.Bg8 Bc8 45.Bh7 h3 46.Bg6 Bd7 47.Bh7 Be6 48.Bg6 Bc8 49.Bh7 Bb7 50.Bg6 Kd5
51.Bf5 h2 52.Kg2 fxe3 53.Bg4 Kd4 54.Kxh2 Kc3 55.Kg3 Kd3 56.Kf4 Kd2 57.Bh5 Kd3
58.Bg4 Kd2 59.Bh5 Kd3 60.Bg4 e2  1/2-1/2

[Event "Elista ol (Men)"]
[Site "Elista"]
[Date "1998.10.11"]
[Round "12"]
[White "Gonzalez Garcia, Jose"]
[Black "Rogozenko, Dorin"]
[Result "1/2-1/2"]
[WhiteElo "2445"]
[BlackElo "2435"]

1.d4 d5 2.c4 c6 3.Nf3 Nf6 4.Nc3 e6 5.e3 Nbd7 6.Bd3 dxc4 7.Bxc4 b5 8.Bd3 a6
9.e4 c5 10.d5 c4 11.Bc2 Qc7 12.O-O Bc5 13.dxe6 fxe6 14.e5  1/2-1/2

[Event "Elista ol (Men)"]
[Site "Elista"]
[Date "1998.10.11"]
[Round "12"]
[White "Kakageldyev, Amanmurad"]
[Black "Solomon, Stephen J"]
[Result "1/2-1/2"]
[WhiteElo "2475"]
[BlackElo "2435"]

1.d4 d5 2.c4 e6 3.Nc3 c6 4.Nf3 Nf6 5.e3 Nbd7 6.Qc2 Bd6 7.Bd2 O-O 8.O-O-O c5
9.cxd5 exd5 10.Kb1 Re8 11.Be1 c4 12.g4 Nb6 13.h3 Bd7 14.Rc1 Rc8 15.Ka1 Ne4
16.Nxe4 dxe4 17.Nd2 Ba4 18.Qb1 Bb4 19.Nxc4 Bxe1 20.Nxb6 Qxb6 21.Rxc8 Rxc8
22.Qxe1 Rc2 23.Qb1 Rxf2 24.Bc4 Bc2 25.Qe1 Qf6 26.Qc3 g5 27.Rc1 Ba4 28.Qb4 Rc2
29.Rxc2 Bxc2 30.b3 Bd3 31.Qxb7 Qf2 32.Qb8+ Kg7 33.Qe5+ Kh6 34.Qd6+ Kg7 35.Qe5+ Kh6
36.Qd6+ Kg7 37.Qe5+ Kh6  1/2-1/2

[Event "Elista ol (Men)"]
[Site "Elista"]
[Date "1998.10.12"]
[Round "13"]
[White "Azmaiparashvili, Zurab"]
[Black "Guliev, Sarhan"]
[Result "1-0"]
[WhiteElo "2655"]
[BlackElo "2465"]

1.c4 c6 2.d4 d5 3.Nc3 Nf6 4.Nf3 e6 5.e3 Nbd7 6.Bd3 dxc4 7.Bxc4 b5 8.Bd3 a6
9.e4 c5 10.e5 cxd4 11.Nxb5 axb5 12.exf6 Qb6 13.O-O gxf6 14.Be4 Bb7 15.Bxb7 Qxb7
16.Nxd4 Rg8 17.Qf3 Qxf3 18.Nxf3 Rg4 19.b3 Re4 20.Be3 Bc5 21.Bxc5 Nxc5 22.Rfc1 Nd3
23.Rd1 Nb4 24.a3 Nc2 25.Rac1 Nxa3 26.Rc7 Rg4 27.Rdd7 Rg7 28.Nd4 Ra6 29.h3 h5
30.Rb7  1-0

[Event "Elista ol (Men)"]
[Site "Elista"]
[Date "1998.10.12"]
[Round "13"]
[White "Kelly, Bryan"]
[Black "Santa, Luis A"]
[Result "1-0"]
[WhiteElo "2405"]
[BlackElo "2220"]

1.c4 c6 2.Nc3 d5 3.d4 Nf6 4.e3 e6 5.Nf3 Nbd7 6.Bd3 Bd6 7.O-O O-O 8.e4 e5
9.cxd5 cxd5 10.exd5 exd4 11.Nxd4 Ne5 12.h3 Nxd3 13.Qxd3 a6 14.Bg5 h6 15.Be3 Re8
16.Rad1 Bc7 17.Nde2 Bd6 18.Rfe1 Nd7 19.Bf4 Ne5 20.Qg3 Bf5 21.Nd4 Qf6 22.Bxh6 Nd3
23.Rxe8+ Rxe8 24.Qxg7+ Qxg7 25.Bxg7 Bg6 26.Bf6 Nxb2 27.Ra1 b5 28.f3 b4 29.Ne4 Bxe4
30.fxe4 Rxe4 31.Nf5 Bc5+ 32.Kh1 Nc4 33.Rd1 Nd6 34.Be7 Nxf5 35.Bxc5  1-0

[Event "NRW Sportland Cup Masters"]
[Site "Senden"]
[Date "1998.10.12"]
[Round "5"]
[White "Schlecht, Daniel"]
[Black "Schimmer, Karsten"]
[Result "1-0"]
[WhiteElo "2395"]
[BlackElo "2140"]

1.d4 d5 2.c4 c6 3.Nf3 Nf6 4.Nc3 e6 5.e3 Be7 6.Bd3 dxc4 7.Bxc4 b5 8.Bd3 O-O
9.e4 b4 10.Na4 Nbd7 11.O-O Bb7 12.Qe2 c5 13.e5 Nd5 14.Nxc5 Nxc5 15.dxc5 Bxc5
16.Bxh7+ Kh8 17.Ng5 g6 18.Qc4 Ne3 19.Qh4 Nf5 20.Qh3 Kg7 21.Bg8 Nh6 22.Bxf7 Qd5
23.Nxe6+ Kxf7 24.Nxc5 Qxc5 25.Bxh6 Rfe8 26.Bf4 Rh8 27.Qd7+  1-0

[Event "Budapest FS10 IM-B"]
[Site "Budapest"]
[Date "1998.10.13"]
[Round "11"]
[White "Ippolito, Dean"]
[Black "Papp, Gellert"]
[Result "1-0"]
[WhiteElo "2430"]
[BlackElo "2205"]

1.d4 d5 2.c4 c6 3.Nc3 Nf6 4.e3 e6 5.Nf3 Nbd7 6.Bd3 Bd6 7.e4 dxc4 8.Bxc4 e5
9.dxe5 Nxe5 10.Nxe5 Bxe5 11.Qxd8+ Kxd8 12.Bxf7 Rf8 13.Bb3 Bxc3+ 14.bxc3 Nxe4
15.O-O Nc5 16.Ba3 Rf5 17.Rad1+ Kc7 18.Bc2 Rh5 19.Rfe1 g6 20.Re7+ Kb6 21.Rb1+ Ka6
22.Bd1 Bf5 23.Ra1 Nd3 24.Bxh5 gxh5 25.Rd1 Rg8 26.Rf7 Be4 27.g3 Ne5 28.Rf4 Bd5
29.Kf1 b5 30.Rxd5 cxd5 31.Rf5 Re8 32.Rxh5 Nc4 33.Bc5 Nd2+ 34.Kg2 Ne4 35.Bd4 Re7
36.Rxd5 Rc7 37.Be5 Rc4 38.Rd4 Nc5 39.Rxc4 bxc4 40.f4  1-0

[Event "NRW Sportland Cup Masters"]
[Site "Senden"]
[Date "1998.10.14"]
[Round "7"]
[White "Schlecht, Daniel"]
[Black "Schroeder, Wilfried"]
[Result "1/2-1/2"]
[WhiteElo "2395"]
[BlackElo "2250"]

1.d4 d5 2.c4 e6 3.Nf3 c6 4.e3 Nf6 5.Nc3 Nbd7 6.Qc2 b6 7.Bd3 Bb7 8.O-O Be7
9.b3 O-O 10.Bb2 Rc8 11.Qe2 c5 12.Rad1 cxd4 13.exd4 Qc7 14.Ne5 dxc4 15.bxc4 Rfd8
16.f4 g6 17.g4 Nxe5 18.fxe5 Rxd4 19.Rxf6 Bxf6 20.Nb5 Qc6 21.Bxd4  1/2-1/2

[Event "Nordre Efteraar"]
[Site "Aarhus"]
[Date "1998.10.15"]
[Round "6"]
[White "Pedersen, Nicolai Vesterbaek"]
[Black "Hellegaard, Carsten"]
[Result "1/2-1/2"]
[WhiteElo "2315"]
[BlackElo "2275"]

1.d4 d5 2.c4 c6 3.Nc3 e6 4.e3 Nf6 5.Nf3 Nbd7 6.Bd3 dxc4 7.Bxc4 b5 8.Bd3 Bb7
9.a3 a6 10.b4 a5 11.Rb1 axb4 12.axb4 Nd5 13.Nxd5 exd5 14.Qc2 Bd6 15.e4 dxe4
16.Bxe4 Qc7 17.O-O h6  1/2-1/2